Determinación de la competencia de escolares chilenos en la producción de discurso escrito en dos tipologías textuales

Uloženo v:
Podrobná bibliografie
Hlavní autoři: Cabrera O., Paula (Autor), Subiabre C., Jaime (Autor)
Médium: Kniha
Jazyk:španělština
Vydáno: Valparaíso Universidad Católica de Valparaíso 1999
Témata:
Tagy: Přidat tag
Žádné tagy, Buďte první, kdo vytvoří štítek k tomuto záznamu!

MARC

LEADER 00000nam a2200000 a 4500
001 UCO1758
003 CL-VaPUC
008 000519e19990000CL |||||||||||||||||spa|d
082 0 4 |a 519.5  |b CAB  |2 21 
100 0 |a Cabrera O., Paula  |e author  |9 444254 
700 0 |a Subiabre C., Jaime  |e author  |9 444255 
245 1 0 |a Determinación de la competencia de escolares chilenos en la producción de discurso escrito en dos tipologías textuales 
300 |a 180 h 
942 |c BK 
945 |d 20000519 00:00:00  |a vberengu 
260 |a Valparaíso  |b Universidad Católica de Valparaíso  |c 1999 
500 |a Taller de Estadística; prof. guía: Renato Allende Olivares; Jorge Galbiati Riesco 
650 0 |a Análisis estadístico  |9 269506 
650 0 |a Investigación educacional   |9 261192 
583 |a last modification  |c 20130403 01:55:44  |k Rodrigo Vera 
999 |c 288355  |d 288353 
952 |0 0  |1 0  |2 ddc  |4 0  |6 519_500000000000000_CAB_1999  |7 0  |8 T  |9 335975  |a BIBGIM  |b BIBGIM  |d 2019-11-20  |i 3605825  |o 519.5 CAB 1999  |p 3605825  |r 2019-11-20  |w 2019-11-20  |y BK_F  |k EST